[Event "Liguria Region-ch"]
[Site "Spotorno"]
[Date "2016.05.14"]
[Round "3"]
[White "Pagliari, Lino"]
[Black "Baggiani, Fabio"]
[Result "0-1"]
[WhiteElo "1319"]
[BlackElo "1794"]
[PlyCount "84"]
[EventDate "2016.05.13"]
[EventType "swiss"]
[EventRounds "5"]
[EventCountry "ITA"]
[SourceTitle "EXT 2018"]
[Source "ChessBase"]
[SourceDate "2017.10.13"]
[SourceVersion "1"]
[SourceVersionDate "2017.10.13"]
[SourceQuality "1"]

1. e4 d6 2. Nc3 e5 3. Bc4 Nf6 4. d3 c6 5. Bg5 Be7 6. Bxf6 Bxf6 7. Nf3 0-0 8. 0-0 Nd7 9. b4 g6 10. a4 Bg7 11. a5 Nf6 12. h3 Nh5 13. Qd2 h6 14. Qe3 Nf4 15. h4 d5 16. exd5 cxd5 17. Nxd5 Nxd5 18. Bxd5 Qxd5 19. c4 Qd8 20. Rab1 Kh7 21. Rfd1 Bg4 22. Rd2 Bxf3 23. Qxf3 Rb8 24. c5 Qxh4 25. Rdd1 Qd4 26. g3 f5 27. Kg2 Rfd8 28. Qe3 f4 29. Qxd4 Rxd4 30. Kf3 Rf8 31. g4 Rfd8 32. Rb3 Bf6 33. Ke2 e4 34. f3 exf3+ 35. Kxf3 g5 36. Kf2 Kg6 37. Kf3 Re8 38. Kf2 Re3 39. b5 Ra4 40. c6 Ra2+ 41. Kf1 Rh3 42. Kg1 Bd4+ 0-1

[Event "Genova Province-ch"]
[Site "Genova"]
[Date "2015.02.05"]
[Round "4"]
[White "Pioli, Franco"]
[Black "Baggiani, Fabio"]
[Result "0-1"]
[WhiteElo "1589"]
[BlackElo "1782"]
[PlyCount "76"]
[EventDate "2015.01.15"]
[EventType "swiss"]
[EventRounds "6"]
[EventCountry "ITA"]
[SourceTitle "EXT 2017"]
[Source "ChessBase"]
[SourceDate "2016.10.25"]
[SourceVersion "1"]
[SourceVersionDate "2016.10.25"]
[SourceQuality "1"]

1. d4 c5 2. c3 cxd4 3. cxd4 Nf6 4. Nc3 g6 5. Nf3 Bg7 6. e4 d6 7. Be2 0-0 8. 0-0 b6 9. Rb1 Bb7 10. e5 dxe5 11. Nxe5 Nbd7 12. f4 e6 13. Be3 Nd5 14. Nxd5 Bxd5 15. Qa4 Nf6 16. Rbc1 a6 17. a3 b5 18. Qd1 Ne4 19. Bf3 Qe7 20. Bxe4 Bxe4 21. Rc5 Rac8 22. Qe2 f6 23. Ng4 Bd5 24. Rfc1 Qb7 25. h3 Rfd8 26. Bd2 Bc4 27. Qe3 Rxc5 28. dxc5 Rd3 29. Qf2 h5 30. Ne3 f5 31. Bc3 Qe4 32. Bxg7 Kxg7 33. Nxc4 bxc4 34. Re1 Qc6 35. Re5 Rd1+ 36. Kh2 Rd5 37. Qe3 Kf7 38. Kg3 Rd3 0-1

[Event "Genova Bombrini op"]
[Site "Genova"]
[Date "2014.10.05"]
[Round "4"]
[White "Mandolini, Alessandro"]
[Black "Baggiani, Fabio"]
[Result "1-0"]
[WhiteElo "1711"]
[BlackElo "1811"]
[PlyCount "77"]
[EventDate "2014.10.03"]
[EventType "swiss"]
[EventRounds "5"]
[EventCountry "ITA"]
[SourceTitle "EXT 2016"]
[Source "ChessBase"]
[SourceDate "2015.10.08"]
[SourceVersion "1"]
[SourceVersionDate "2015.10.08"]
[SourceQuality "1"]

1. c4 Nc6 2. Nc3 e5 3. g3 g6 4. Bg2 Bg7 5. e3 f5 6. d3 Nf6 7. Nge2 0-0 8. 0-0 d6 9. f4 Nd7 10. Rb1 a5 11. a3 Nc5 12. b4 axb4 13. axb4 Ne6 14. b5 Ne7 15. Qc2 Kh8 16. Bb2 Ng8 17. Nd5 h5 18. Bc3 Nc5 19. fxe5 dxe5 20. Bb4 b6 21. Bxc5 bxc5 22. Nef4 exf4 23. Nxf4 Rb8 24. Nxg6+ Kh7 25. Nxf8+ Qxf8 26. Qe2 Qe8 27. Bc6 Qg6 28. Qf3 Ne7 29. e4 f4 30. Qxf4 Bh3 31. Qxc7 Bxf1 32. Rxf1 Nxc6 33. bxc6 Rb3 34. Qd7 h4 35. c7 hxg3 36. Qh3+ Bh6 37. c8Q gxh2+ 38. Kh1 Rb2 39. Qhf5 1-0

[Event "Genova Ducale op"]
[Site "Genova"]
[Date "2003.09.27"]
[Round "8"]
[White "Baggiani, Fabio"]
[Black "Aghayev, Miragha"]
[Result "0-1"]
[WhiteElo "1705"]
[BlackElo "1800"]
[PlyCount "114"]
[EventDate "2003.09.??"]
[EventType "swiss"]
[EventRounds "9"]
[EventCountry "ITA"]
[SourceTitle "EXT 2005"]
[Source "ChessBase"]
[SourceDate "2004.11.15"]
[SourceVersion "1"]
[SourceVersionDate "2004.11.15"]
[SourceQuality "1"]

1. e4 e5 2. Bc4 Nf6 3. d3 Bc5 4. Nf3 Nc6 5. Nc3 h6 6. 0-0 d6 7. Nd5 Be6 8. c3 0-0 9. b4 Bb6 10. a4 a5 11. b5 Bxd5 12. exd5 Ne7 13. Qb3 Nh7 14. Be3 f5 15. Bxb6 cxb6 16. Nxe5 dxe5 17. d6+ Kh8 18. dxe7 Qxe7 19. Rae1 Nf6 20. Be6 g6 21. Rxe5 Qd6 22. Re3 Rae8 23. Bc4 Rxe3 24. fxe3 Ng4 25. g3 Nxe3 26. Rf3 Ng4 27. Bd5 Ne5 28. Rf1 Nxd3 29. c4 Qc5+ 30. Kg2 Ne5 31. Qc3 Re8 32. g4 Kh7 33. gxf5 g5 34. f6 Ng4 35. Qc2+ Kh8 36. Rf3 Ne3+ 37. Rxe3 Qxe3 38. f7 Rf8 39. Qb2+ Kh7 40. Qc2+ Kg7 41. Qb2+ Kg6 42. Qc2+ Kh5 43. Bf3+ Kh4 44. Qg6 Qd2+ 45. Kf1 Qc1+ 46. Kf2 Qd2+ 47. Be2 Qf4+ 48. Kg2 g4 49. h3 Rxf7 50. Qxg4+ Qxg4+ 51. Bxg4 Rf4 52. Be6 Re4 53. Bd5 Re2+ 54. Kf3 Ra2 55. c5 Ra3+ 56. Kg2 bxc5 57. Bxb7 Rxa4 0-1